Chile by Picture - A - Statistics

General Stats
  • This quiz has been taken 243 times
  • The average score is 10 of 16
Answer Stats
Picture Hint Answer % Correct
World's driest desert Atacama Desert
96%
Mountain chain mainly in Chile Andes Mountains
91%
Dictator Augusto Pinochet
90%
Easily confused with llamas Alpaca
80%
President before the dictatorship Salvador Allende
78%
Soccer player Alexis Sánchez
77%
Soccer player Arturo Vidal
75%
Northernmost coastal city Arica
74%
Major northern city Antofagasta
73%
Administrative region Aysén
54%
Administrative region of Chile Araucania
52%
Type of Pepper Aji
50%
Main avenue in Santiago Alameda
49%
President after the dictatorship Patricio Aylwin
49%
Large observatory ALMA
34%
Shellfish called "loco" Chilean Abalone
13%
No matching quizzes found
Score Distribution
Percent of People with Each Score
Percentile by Number Answered
Your Score History
You have not taken this quiz